Govt. of
Madhya Pradesh

Hinuism Through The Ages (Record no. 38812)

MARC details
000 -LEADER
fixed length control field 004290000a22001690004500
003 - CONTROL NUMBER IDENTIFIER
control field MACL
005 - DATE AND TIME OF LATEST TRANSACTION
control field 20151230174931.0
008 - FIXED-LENGTH DATA ELEMENTS--GENERAL INFORMATION
fixed length control field 151230b xxu||||| |||| 00| 0 eng d
040 ## - CATALOGING SOURCE
Original cataloging agency MACL
Transcribing agency MACL
041 ## - LANGUAGE CODE
Language code of text/sound track or separate title English
082 ## - DEWEY DECIMAL CLASSIFICATION NUMBER
Classification number 294.5/SAR
100 ## - MAIN ENTRY--PERSONAL NAME
Personal name Sarma, D S
9 (RLIN) 25372
245 ## - TITLE STATEMENT
Title Hinuism Through The Ages
260 ## - PUBLICATION, DISTRIBUTION, ETC. (IMPRINT)
Name of publisher, distributor, etc. Bharatiya Vidhya Bhavan
Date of publication, distribution, etc. 1956
Place of publication, distribution, etc. Calcutta
650 ## - SUBJECT ADDED ENTRY--TOPICAL TERM
Topical term or geographic name as entry element Religion
9 (RLIN) 25373
942 ## - ADDED ENTRY ELEMENTS (KOHA)
Koha item type Books
Call number prefix 294.5/SAR
Source of classification or shelving scheme
Holdings
Withdrawn status Lost status Source of classification or shelving scheme Damaged status Not for loan Home library Current library Date acquired Total Checkouts Full call number Barcode Date last seen Uniform Resource Identifier Price effective from Koha item type
          MACL MACL 15/04/2015   294.5/SAR CLE007900 29/04/2015 39036 15/04/2015 Books